000 00778nam a2200193Ia 4500
003 GCL
008 140319s9999 xx 000 0 ara d
040 _aGCL /
_cGCL
082 0 4 _a956.81
_bم ت
100 1 _aمحمد عبدالقادر خريسات
245 1 0 _aتاريخ الاردن: منذ الفتح الاسلامى حتى نهاية القرن الرابع الهجرى العاشر الميلادى /
_cمحمد عبدالقادر خريسات
260 _a[S.N] :
_bمنشورات لجنة تاريخ الاردن ،
_c1992
300 _a124 ص
490 _aسلسلة الكتاب الام فى تاريخ الاردن
_v0
650 0 4 _aالتاريخ الاسلامى
650 0 4 _aالاردن
650 0 4 _aالفتح الاسلامى
942 _2ddc
_cBK
999 _c35995
_d35995